000 00602nam a22002177a 4500
003 OSt
005 20251010164953.0
008 251010b |||||||| |||| 00| 0 eng d
020 _a0131248529
040 _cMUST3RF
082 _23rd
_a658.3 DES 2004
100 _aDessler Gary
_95958
245 _aA Framework for human resource management
260 _aCanada
_bPearson Prentice Hall
_c2004
300 _axii,396p.:
_bcol.ill.
_c25cm.
504 _aIncludes EndNote,glossary and index
650 _2Human Resource
650 _2Management
700 _aGary Dessler
_919466
942 _2ddc
_cO_SHELF
999 _c9565
_d9565